000 00971nam a22001935i 4500
001 171165
003 ES-MaACL
005 20250704062531.0
008 090430s1859 sp |||| | spa d
100 1 _aGarcía, José María (
_dm. 1890)
_9140006
245 1 3 _aLa lápida mortuoria
_b: drama en tres actos y en prosa /
_cúltima producción del célebre Alejandro Dumas ; arreglado del francés por José María García.
260 _aMadrid :
_b[s.n.],
_c1859 (
_fImp. de José Rodríguez)
300 _a39 p. ;
_c18 cm.
500 _aEn port.: Representada con notable aplauso en el teatro de Lope de Vega el 5 de noviembre de 1859.
700 1 _aDumas, Alexandre,
_d1802-1870
_eaut
_9241135
852 _aES-MaACL
_jF-8588(11)
_z.- Enc. pasta española
_q- Falto de la cub. original
_z- Enc. en un vol. facticio formando parte de la col. "Teatro español moderno", vol. 41
_z.- Dedicatoria manuscrita del autor
942 _2udc
999 _c171165
_d171165